Places Most Used as Amazing Race Pit Stops Quiz Stats

Quiz not verified by Sporcle

Also try: Greece's Borders
Challenge
Share
Tweet
Score 0/19 Timer 20:00
0 Plays Today
% Correct
USA
100%
Argentina
94.9%
France
94.9%
Germany
94.9%
Italy
94.9%
Switzerland
92.3%
China
92.3%
Japan
89.7%
India
87.2%
United Kingdom
82.1%
% Correct
Chile
79.5%
Brazil
71.8%
The Netherlands
69.2%
Malaysia
69.2%
Russia
56.4%
Thailand
56.4%
Vietnam
56.4%
Indonesia
46.2%
United Arab Emirates
46.2%

You're not logged in!

Compare scores with friends on all Sporcle quizzes.
Join for Free
OR
Log In

You Might Also Like...

Show Comments

Extras

Created Apr 2, 2017ReportNominate
Tags:amazing, Amazing Race, pit, place, race, stop

Top Quizzes Today


Score Distribution

Your Account Isn't Verified!

In order to create a playlist on Sporcle, you need to verify the email address you used during registration. Go to your Sporcle Settings to finish the process.

Report this User

Report this user for behavior that violates our Community Guidelines.

Details: